Critical ideologies : (Record no. 16079)
[ view plain ]
| 000 -LEADER | |
|---|---|
| fixed length control field | 00808nam a2200241 a 4500 |
| 001 - CONTROL NUMBER | |
| control field | ASIN9699370149 |
| 005 - DATE AND TIME OF LATEST TRANSACTION | |
| control field | 20170105102932.0 |
| 008 - FIXED-LENGTH DATA ELEMENTS--GENERAL INFORMATION | |
| fixed length control field | 140718s2012 xxu eng d |
| 020 ## - INTERNATIONAL STANDARD BOOK NUMBER | |
| International Standard Book Number | 9699370149 (hardcover) |
| 020 ## - INTERNATIONAL STANDARD BOOK NUMBER | |
| International Standard Book Number | 9789699370144 (hardcover) |
| 040 ## - CATALOGING SOURCE | |
| Original cataloging agency | 0 |
| 050 04 - LIBRARY OF CONGRESS CALL NUMBER | |
| Classification number | BP168 |
| 082 04 - DEWEY DECIMAL CLASSIFICATION NUMBER | |
| Classification number | 297.272 |
| Author Mark | CRI 2012 |
| 100 0# - MAIN ENTRY--PERSONAL NAME | |
| Personal name | Sial, Safdar. |
| 245 00 - TITLE STATEMENT | |
| Title | Critical ideologies : |
| Remainder of title | a debate on takfeer & khurooj / |
| Statement of responsibility, etc. | Safdar Sial. |
| 260 ## - PUBLICATION, DISTRIBUTION, ETC. | |
| Place of publication, distribution, etc. | [S.l.] : |
| Name of publisher, distributor, etc. | Islamabad : Narratives, , |
| Date of publication, distribution, etc. | 2012. |
| 300 ## - PHYSICAL DESCRIPTION | |
| Extent | 178 p. |
| Other physical details | 23 cm. |
| 520 ## - SUMMARY, ETC. | |
| Summary, etc. | Critical Ideologies: A Debate On Takfeer & khurooj by Safdar Sial. |
| 650 #0 - SUBJECT ADDED ENTRY--TOPICAL TERM | |
| Topical term or geographic name entry element | Apostasy--Islam |
| 650 #0 - SUBJECT ADDED ENTRY--TOPICAL TERM | |
| Topical term or geographic name entry element | Radicalism--Religious aspects--Islam |
| 856 40 - ELECTRONIC LOCATION AND ACCESS | |
| Materials specified | Amazon.com |
| Uniform Resource Identifier | <a href="http://www.amazon.com/exec/obidos/ASIN/9699370149/chopaconline-20">http://www.amazon.com/exec/obidos/ASIN/9699370149/chopaconline-20</a> |
| 942 ## - ADDED ENTRY ELEMENTS (KOHA) | |
| Source of classification or shelving scheme | |
| Koha item type | Book |
| Withdrawn status | Lost status | Damaged status | Not for loan | Collection code | Permanent Location | Current Location | Shelving location | Date acquired | Total Checkouts | Full call number | Barcode | Date last seen | Price effective from | Koha item type |
|---|---|---|---|---|---|---|---|---|---|---|---|---|---|---|
| Centre for International Peace & Stability (CIPS) | Centre for International Peace & Stability (CIPS) | General Stacks | 10/03/2013 | 297.272 CRI 2012 | CIPS0002462 | 07/18/2014 | 07/18/2014 | Book |
